Culture générale Bretagne - Morbihan - Statistiques

Statistiques générales
  • Ce quiz a été pris 69 fois
  • Le résultat moyen est 6 sur 15
Statistiques - réponses
Hint Réponse % Correct
Quelle ville est la préfecture du Morbihan ? Vannes
94%
Quelle ville est célèbre pour son port de pêche, le plus grand de Bretagne qui fut longtemps le plus grand de France ? Lorient
93%
Quelle est la plus grande île du Morbihan, et également de Bretagne ? Belle-Île en mer
76%
Que signifie le nom de Morbihan ? Petite mer
63%
En quelle année le Football Club de Lorient est montée en Ligue 1 pour la dernière fois ? 2025
50%
Quel célèbre monument étatsunien trouve-t-on en copie sur la place centrale de Gourin ? La statue de la Liberté
44%
Quel est le plus long cours d'eau traversant le Morbihan ? La Vilaine
35%
Quelle ville morbihanaise est le théâtre de la dernière bataille de la guerre de Succession de Bretagne ? Auray
31%
Quel ancien maire de Lorient est devenu ministre sous deux présidents différents ? Jean-Yves Le Drian
28%
A quelle grande famille de la noblesse bretonne appartient le château de Josselin ? Rohan / Rohan-Chabot
22%
Quel est l'ancien nom de Pontivy, sous-préfecture du Morbihan ? Napoléonville
20%
De quelle tribu gauloise Vannes était la capitale ? Les Vénètes
13%
En quelle année est fondée la ville de Lorient ? 1666
11%
Quel est le point culminant du Morbihan ? Calotte Saint-Joseph
2%
Quelle église morbihanaise est célèbre pour sa danse macabre médiévale ? Kernascléden
2%
Aucun quiz correspondant
Distribution des résultats
% des personnes avec chaque résultat
Percentile par nombre de réponses
Votre historique - résultats
Vous n’avez pas pris ce quiz